000 01376nam a22003733i 4500
001 EBC31808155
003 MiAaPQ
005 20251024192622.0
007 cr cnu||||||||
008 251024s2024 xx o ||||0 eng d
020 _a9783031744464
_q(electronic bk.)
020 _z9783031744457
040 _aMiAaPQ
_beng
_cMiAaPQ
100 1 _aÖz, Seda.
_967456
245 1 0 _aAdaptation in Turkish Literature, Cinema and Media.
250 _a1st ed.
264 1 _aCham :
_bPalgrave Macmillan,
_c2024.
264 4 _c{copy}2025.
300 _a1 online resource (242 pages)
336 _aText
_btxt
_2rdacontent
337 _aComputermedien
_bc
_2rdamedia
338 _aOnline Resource
_bcr
_2rdacarrier
490 1 _aPalgrave Studies in Adaptation and Visual Culture Series
500 _aE-Book-ProQuest / Fernzugriff nach Registrierung möglich
655 _aFernzugriff
_9230
655 4 _aElectronic books.
700 1 _aCan, Taner.
_967457
776 0 8 _iPrint version:
_aÖz, Seda
_tAdaptation in Turkish Literature, Cinema and Media
_dCham : Palgrave Macmillan,c2024
_z9783031744457
830 0 _aPalgrave Studies in Adaptation and Visual Culture Series
_967458
856 4 0 _uhttps://ebookcentral.proquest.com/lib/maxweberstiftung-ebooks/detail.action?docID=31808155
_zVolltext
942 _cEB
999 _c73094
_d73094